Kavárna U Anděla. Svěží vítr /
Čtvrtá kniha volné řady o kavárenské dynastii zavádí čtenáře do Wiesbadenu na počátku šedesátých let.
Uloženo v:
| Série: | Kavárna U Anděla,
část 4 |
|---|---|
| Hlavní autor: | |
| Další autoři: | |
| Médium: | E-kniha |
| Jazyk: | Czech |
| Vydáno: |
Praha :
Ikar,
2024
|
| Vydání: | Vydání první |
| Témata: | |
| On-line přístup: | Plný text - pro registrované uživatele NK ČR |
| Příbuzné jednotky: | Z cyklu::
Kavárna U Anděla |
| Tagy: |
Žádné tagy |
| LEADER | 02589nam a2200457 i 4500 | ||
|---|---|---|---|
| 001 | 312476 | ||
| 003 | CZ PrSKC | ||
| 005 | 20260601215723.0 | ||
| 007 | ta | ||
| 008 | 240909s2024 xr g 000 f cze d | ||
| 015 | |a cnb003602763 | ||
| 020 | |a 9788024954608 |q (vázáno) | ||
| 035 | |a (OCoLC)1459785946 | ||
| 040 | |a CBA001 |b cze |d ABG001 |d ABA001 |e rda | ||
| 041 | 1 | |a cze |h ger | |
| 072 | 7 | |a 821.112.2-3 |x Německá próza, německy psaná |2 Konspekt | |
| 080 | |a 821.112.2-31 |2 MRF | ||
| 080 | |a (0:82-31) |2 MRF | ||
| 100 | 1 | |a Jacobs, Anne, |d 1950- |7 xx0217622 |4 aut | |
| 240 | 1 | 0 | |a Frischer Wind. |l Česky |
| 245 | 1 | 0 | |a Kavárna U Anděla. |p Svěží vítr / |c Anne Jacobsová alias Marie Lamballe ; z německého originálu Café Engel - Ein frischer Wind ... přeložila Dagmar Hoangová |
| 246 | 3 | 0 | |a Svěží vítr |
| 250 | |a Vydání první | ||
| 264 | 1 | |a Praha : |b Ikar, |c 2024 | |
| 300 | |a 367 stran ; |c 24 cm | ||
| 336 | |a text |b txt |2 rdacontent | ||
| 337 | |a bez média |b n |2 rdamedia | ||
| 338 | |a svazek |b nc |2 rdacarrier | ||
| 520 | 2 | |a Čtvrtá kniha volné řady o kavárenské dynastii zavádí čtenáře do Wiesbadenu na počátku šedesátých let. |b Wiesbaden, 1961. Poté co Hilda Kochová zmodernizuje rodinnou kavárnu a s velkou obětavostí ji vede, její bratr Vilhelm ji chce naprosto nečekaně připravit o obchodní vedení. Jeho životní sen o kariéře u filmu ztroskotal, zatímco jeho žena Karin slaví jako herečka velké úspěchy. Také s vinicí Hildina manžela Jeana-Jasquese to nevypadá nejlépe. Poté, co začne najednou kolovat ve Wiesbadenu zlá pomluva, všichni se začnou o existenci své kavárny strachovat. Nakladatelská anotace. | |
| 655 | 7 | |a německé romány |7 fd132945 |2 czenas | |
| 655 | 9 | |a German fiction |2 eczenas | |
| 700 | 1 | |a Hoangová, Dagmar |7 xx0068788 |4 trl | |
| 765 | 1 | |t Café Engel | |
| 787 | 0 | 8 | |i Z cyklu: |t Kavárna U Anděla |g 4 |
| 856 | 4 | 1 | |u https://www.bookport.cz/AccountSaml/SignIn/?idp=https%3A%2F%2Fshibboleth.nkp.cz%2Fidp%2Fshibboleth&returnUrl=/kniha/svezi-vitr-15549/ |y Plný text - pro registrované uživatele NK ČR |4 N |
| 900 | |a ABA001 |b 21 | ||
| 928 | 9 | |a Euromedia Group - Ikar | |
| 044 | |a xr | ||
| 910 | |a RBIT002 | ||
| 998 | |d 409692 |a https://core.palmknihy.cz/api/books/409692/cover?shqmiw |b https://core.palmknihy.cz/api/books/409692/cover/400?shqmiw |c https://core.palmknihy.cz/api/books/409692/cover/50?shqmiw |e 2028-07-01 |g 368 |i 9788024954608 |j https://core.palmknihy.cz/api/books/409692/preview.epub |l |q 49 |r 1 |s https://www.palmknihy.cz/kniha/409692 |t ebook |y 2024 |z 0 |v Kavárna U Anděla |w 4 | ||
| 999 | |d 312474 | ||